Od rozprávky k rozprávke. Labková patrola 5 /
Tři příběhy podle televizního seriálu o partě obětavých štěňat, která zachraňují pobřežní městečko Adventure Bay.
Uloženo v:
| Série: | Labková patrola (SK),
část 0 |
|---|---|
| Další autoři: | |
| Médium: | E-kniha |
| Jazyk: | Slovak |
| Vydáno: |
V Prahe :
Egmont,
2024
|
| Vydání: | Prvé vydanie |
| Edice: | Začíname čítať (Egmont)
Paw Patrol (Egmont) |
| Témata: | |
| Příbuzné jednotky: | Z cyklu::
Labková patrola (SK) |
| Tagy: |
Žádné tagy |
| LEADER | 02760nam a2200589 i 4500 | ||
|---|---|---|---|
| 001 | 312384 | ||
| 003 | CZ PrSKC | ||
| 005 | 20260601215722.0 | ||
| 007 | ta | ||
| 008 | 240409s2024 xr a b 000 j slo | ||
| 015 | |a cnb003600277 | ||
| 020 | |a 9788025257531 |q (vázáno) | ||
| 035 | |a (OCoLC)1433648442 | ||
| 040 | |a ABG001 |b cze |e rda | ||
| 041 | 1 | |a slo |h eng | |
| 072 | 7 | |a 821-93 |x Literatura pro děti a mládež (beletrie) |2 Konspekt | |
| 080 | |a 821-32 |2 MRF | ||
| 080 | |a 821-93 |2 MRF | ||
| 080 | |a (0:82-32) |2 MRF | ||
| 245 | 0 | 0 | |a Od rozprávky k rozprávke. |p Labková patrola 5 / |c z anglického originálu preložila Veronika Baluchová |
| 246 | 3 | 0 | |a Labková patrola 5 |
| 250 | |a Prvé vydanie | ||
| 264 | 1 | |a V Prahe : |b Egmont, |c 2024 | |
| 300 | |a 70 stran : |b barevné ilustrace ; |c 24 cm | ||
| 336 | |a text |b txt |2 rdacontent | ||
| 336 | |a statický obraz |b sti |2 rdacontent | ||
| 337 | |a bez média |b n |2 rdamedia | ||
| 338 | |a svazek |b nc |2 rdacarrier | ||
| 490 | 1 | |a Začíname čítať | |
| 490 | 1 | |a Paw Patrol | |
| 500 | |a Nad názvem uvedeno původní nakladatelství: Nickelodeon | ||
| 500 | |a Jeden z originálů v tiráži uveden chybně: Save the schol bus | ||
| 505 | 0 | 0 | |t Sila mocných šteniat! -- |t Dobrodružstvá s dedkom -- |t Záchrana školského autobusu |
| 520 | 2 | |a Tři příběhy podle televizního seriálu o partě obětavých štěňat, která zachraňují pobřežní městečko Adventure Bay. |b V této knížce si můžete přečíst, jak oblíbení hrdinové zachraňovali školní autobus v Adventure Bay, co se stalo, když se v pobřežním městečku objevil obrovský robot, a jaké překvapení tlapky přichystaly pro Alexova dědečka. Nakladatelská anotace. Kráceno. | |
| 521 | 8 | |a Pro děti od 4 let | |
| 655 | 7 | |a příběhy |7 fd133204 |2 czenas | |
| 655 | 7 | |a publikace pro děti |7 fd133156 |2 czenas | |
| 655 | 9 | |a stories |2 eczenas | |
| 655 | 9 | |a children's literature |2 eczenas | |
| 700 | 1 | |a Baluchová, Veronika |7 ola20191025268 |4 trl | |
| 730 | 0 | 2 | |a Mighty pup power. |l Slovensky |
| 730 | 0 | 2 | |a Adventure with grandpa. |l Slovensky |
| 730 | 0 | 2 | |a Save the school bus. |l Slovensky |
| 830 | 0 | |a Začíname čítať (Egmont) | |
| 830 | 0 | |a Paw Patrol (Egmont) | |
| 900 | |a ABA001 |b 20 | ||
| 928 | 9 | |a Albatros Media - Egmont | |
| 044 | |a xr | ||
| 787 | 0 | 8 | |g 0 |i Z cyklu: |t Labková patrola (SK) |
| 910 | |a RBIT002 | ||
| 998 | |d 404832 |a https://core.palmknihy.cz/api/books/404832/cover?si2u0x |b https://core.palmknihy.cz/api/books/404832/cover/400?si2u0x |c https://core.palmknihy.cz/api/books/404832/cover/50?si2u0x |e 2026-06-30 |g 72 |i 9788025257531 |k https://core.palmknihy.cz/api/books/404832/preview.pdf |l |q 49 |r 1 |s https://www.palmknihy.cz/kniha/404832 |t ebook |y 2024 |z 0 |v Labková patrola (SK) |w 0 | ||
| 999 | |d 312382 | ||